<?xml version="1.0" encoding="UTF-8"?>
<record
    xmlns:xsi="http://www.w3.org/2001/XMLSchema-instance"
    xsi:schemaLocation="http://www.loc.gov/MARC21/slim http://www.loc.gov/standards/marcxml/schema/MARC21slim.xsd"
    xmlns="http://www.loc.gov/MARC21/slim">

  <leader>00638nam a2200181   4500</leader>
  <controlfield tag="003">LK-CoMWRAF</controlfield>
  <controlfield tag="005">20240118135839.0</controlfield>
  <controlfield tag="008">231214b        |||||||| |||| 00| 0 eng d</controlfield>
  <datafield tag="040" ind1=" " ind2=" ">
    <subfield code="a">LK-CoMWRAF</subfield>
    <subfield code="d">LK-CoMWRAF</subfield>
    <subfield code="e">LK-CoMWRAF</subfield>
  </datafield>
  <datafield tag="041" ind1=" " ind2=" ">
    <subfield code="a">sin</subfield>
  </datafield>
  <datafield tag="082" ind1=" " ind2=" ">
    <subfield code="a">305.42</subfield>
    <subfield code="b">AGA</subfield>
  </datafield>
  <datafield tag="100" ind1=" " ind2=" ">
    <subfield code="a">&#xD85;&#xD9C;&#xDBB;&#xDCA; &#xDC0;&#xDCF;&#xDBD;&#xDCA;, &#xDC4;&#xDDA;&#xDB8;&#xDCA;&#xD9A;&#xDD4;&#xDB8;&#xDCF;&#xDBB;&#xDCA;</subfield>
  </datafield>
  <datafield tag="245" ind1=" " ind2=" ">
    <subfield code="a">&#xDAF;&#xDBA;&#xDCF;&#xDB6;&#xDBB; &#xD85;&#xDB8;&#xDCA;&#xDB8;&#xDDA;!</subfield>
  </datafield>
  <datafield tag="246" ind1=" " ind2=" ">
    <subfield code="a">Dayabara amme!</subfield>
  </datafield>
  <datafield tag="260" ind1=" " ind2=" ">
    <subfield code="a">&#xDBB;&#xDD2;&#xDBA;&#xDCF;&#xDAF;&#xDCA; :</subfield>
    <subfield code="b">&#xD9A;&#xDD0;&#xDB3;&#xDC0;&#xDD3;&#xDB8;&#xDDA; &#xDC4;&#xDCF; &#xDB8;&#xD9C; &#xDB4;&#xDD9;&#xDB1;&#xDCA;&#xDC0;&#xDD3;&#xDB8;&#xDDA; &#xDC3;&#xDC4;&#xDBA;&#xDDD;&#xD9C;&#xDD3; &#xD9A;&#xDCF;&#xDBB;&#xDCA;&#xDBA;&#xDCF;&#xDBD;&#xDBA;,</subfield>
  </datafield>
  <datafield tag="700" ind1=" " ind2=" ">
    <subfield code="a">&#xDB1;&#xDCF;&#xDB4;&#xDCF;&#xDC0;&#xDBD;,  &#xD9A;&#xDDA;. &#xD91;&#xDB8;&#xDCA;.</subfield>
    <subfield code="e">trans.</subfield>
  </datafield>
  <datafield tag="942" ind1=" " ind2=" ">
    <subfield code="c">BK</subfield>
  </datafield>
  <datafield tag="952" ind1=" " ind2=" ">
    <subfield code="0">0</subfield>
    <subfield code="1">0</subfield>
    <subfield code="4">0</subfield>
    <subfield code="7">0</subfield>
    <subfield code="a">MAIN</subfield>
    <subfield code="b">MAIN</subfield>
    <subfield code="d">2023-12-14</subfield>
    <subfield code="l">0</subfield>
    <subfield code="o">305.42 AGA</subfield>
    <subfield code="p">RAF4836</subfield>
    <subfield code="r">2023-12-14</subfield>
    <subfield code="w">2023-12-14</subfield>
    <subfield code="y">BK</subfield>
  </datafield>
  <datafield tag="999" ind1=" " ind2=" ">
    <subfield code="c">4454</subfield>
    <subfield code="d">4454</subfield>
  </datafield>
</record>
